| 000 | 00842cab a2200253 4500 | ||
|---|---|---|---|
| 001 | ABS37994 | ||
| 008 | 090401t1987 xxu||||| |||| 00| 0 eng d | ||
| 035 | _a(Sirsi) u7950 | ||
| 041 | _aeng | ||
| 100 | _aCooke, R. | ||
| 245 | _aValue of being in the PINCs | ||
| 260 | _c1987 | ||
| 350 | _a0 | ||
| 490 |
_aChartered Surveyor Weekly _v20(4) 23 July 1987, 61(1) |
||
| 520 | _aLooks at opportunities for valuers in the unitised property market and, more particularly in property income certificates . Discusses the valuation of a property company to be floated on the Stock Exchange and periodic revaluation. | ||
| 650 | _aFLOTATION | ||
| 650 | _aINVESTMENT | ||
| 650 | _aSINGLE UNIT PROPERTY TRUST | ||
| 650 | _aUNITISATION | ||
| 650 | _aYELLOW BOOK | ||
| 690 | _aPROPERTY LAW AND PRACTICE | ||
| 942 | _n0 | ||
| 948 | _c04/03/1997 | ||
| 999 |
_c4840 _d4840 |
||